Welcome to the Holygrace Academy Library

Please use search bar below to get started

MOTHER AND THE MAHATMA (Record no. 5777)

MARC details
000 -LEADER
fixed length control field 00322nam a22001337a 4500
020 ## - INTERNATIONAL STANDARD BOOK NUMBER
ISBN 81-7108-365-X
082 ## - DEWEY DECIMAL CLASSIFICATION NUMBER
Classification number 920
Item number MON/N
100 ## - MAIN ENTRY--AUTHOR NAME
Personal name MONIZ,JOHN
245 ## - TITLE STATEMENT
Title MOTHER AND THE MAHATMA
260 ## - PUBLICATION, DISTRIBUTION, ETC. (IMPRINT)
Place of publication MUMBAI
Name of publisher BETTER YOURSELF BOOKS
300 ## - PHYSICAL DESCRIPTION
Number of Pages 185
650 ## - SUBJECT ADDED ENTRY--TOPICAL TERM
Topical Term SERVICES OF MAHATMA & MOTHER THERESA
Geographic subdivision MUMBAI
942 ## - ADDED ENTRY ELEMENTS (KOHA)
Koha item type Books
Holdings
Withdrawn status Lost status Collection code Home library Current library Shelving location Date acquired Source of acquisition Full call number Accession Number Koha item type
    Reference Main Library Main Library SHELF-17-I-BIOGRAPHIES & AUTOBIOGRAPHIES 14/05/2010 PURCHASE 920 MON/N 03857 Books